Cedules personals / (Record no. 121120)

MARC details
000 -LEADER
campo de control de longitud fija 00617nam a2200181 4500
001 - NÚMERO DE CONTROL
campo de control 121120
003 - IDENTIFICADOR DE NÚMERO DE CONTROL
campo de control ES-MaACL
005 - FECHA Y HORA DE LA ÚLTIMA TRANSACCIÓN
campo de control 20230906191707.0
007 - CAMPO FIJO DE DESCRIPCIÓN FÍSICA--INFORMACIÓN GENERAL
campo de control de longitud fija t|
008 - DATOS DE LONGITUD FIJA--INFORMACIÓN GENERAL
campo de control de longitud fija 070214s1968 sp r ||||1| cat d
100 1# - ENTRADA PRINCIPAL--NOMBRE DE PERSONA
Nombre de persona Pons, Miguel.
9 (RLIN) 92997
245 10 - MENCIÓN DEL TÍTULO
Título Cedules personals /
Mención de responsabilidad, etc. Miguel Pons ; proleg de Francesc Riera Montserrat ; portada de Nicolau Llaneras Manresa.
260 ## - PUBLICACIÓN, DISTRIBUCIÓN, ETC.
Lugar de publicación, distribución, etc. Felanitx ( Palma de Mallorca) :
Nombre del editor, distribuidor, etc. [s.n.],
Fecha de publicación, distribución, etc. 1968 (
Fabricante Imp. Llopis)
300 ## - DESCRIPCIÓN FÍSICA
Extensión 80 p. ;
Dimensiones 19 cm.
700 1# - ENTRADA AGREGADA--NOMBRE PERSONAL
Nombre de persona Llaneras Manresa, Nicolau.
9 (RLIN) 72687
700 1# - ENTRADA AGREGADA--NOMBRE PERSONAL
Nombre de persona Riera Montserrat, Francesc.
9 (RLIN) 97130
852 ## - LOCALIZACIÓN
Ubicación ES-MaACL
Número de control de estantería C-51584
Sublocalización o colección R.70354
Holdings
Estatus retirado Estado de pérdida Estado de daño No para préstamo Biblioteca de origen Biblioteca actual Ubicación en estantería Fecha de adquisición Fuente de adquisición Total de préstamos Signatura topográfica completa Código de barras Visto por última vez Precio de reemplazo Tipo de ítem Koha
        Biblioteca del Ateneo de Madrid Biblioteca del Ateneo de Madrid Depósito 2 17/01/2008     C-51584 1126232 23/02/2023 23/02/2023 Libro impreso